Aktuálne trendy vývoja priemyslu a jeho impulzy na Slovensku

Aktuálne vývojové trendy v štruktúre priemyslu SR. Vývoj tržieb v priemysle SR. Prílev priamych zahraničných investícií. Priemyselné parky a ich význam.

Salvato in:
Dettagli Bibliografici
Autore principale: Mišúnová, Ema
Altri autori: Mišún, Ľuboš
Natura: Capitolo di libro
Lingua:slovacco
Soggetti:
Tags: Aggiungi Tag
Nessun Tag, puoi essere il primo ad aggiungerne!!

MARC

LEADER 00000naa$a2200000$$$4500
001 0058998
005 20240502071646.7
041 0 |a slo 
044 |a SK 
245 1 0 |a Aktuálne trendy vývoja priemyslu a jeho impulzy na Slovensku  |c Ema Mišúnová, Ľuboš Mišún 
520 |a Aktuálne vývojové trendy v štruktúre priemyslu SR. Vývoj tržieb v priemysle SR. Prílev priamych zahraničných investícií. Priemyselné parky a ich význam. 
610 2 0 |a vývoj hospodársky 
610 2 0 |a Slovensko 
610 2 0 |a priemysel 
610 2 0 |a odvetvia priemyselné 
610 2 0 |a ukazovatele makroekonomické 
610 2 0 |a parky priemyselné 
610 2 0 |a investície priame zahraničné 
100 1 |a Mišúnová, Ema 
700 1 |a Mišún, Ľuboš